000 01264pam a2200289 a 4500
999 _c331606
_d331606
001 4328575
003 NUST
005 20171005123632.0
008 880426s1989 njua b 001 0 eng
010 _a 88015543
020 _a0132831775 :
_c$34.50
040 _aDLC
_cDLC
_dDLC
050 0 0 _aTD146
_b.H45 1989
082 0 0 _a628 HEN
_219
100 1 _aHenry, J. Glynn,
_d1926-
_95271
245 1 0 _aEnvironmental science and engineering /
_cby J. Glynn Henry and Gary W. Heinke ; with contributions by other staff members of the University of Toronto, Ian Burton ... [et al.].
260 _aEnglewood Cliffs, N.J. :
_bPrentice Hall,
_cc1989.
300 _axix, 728 p. :
_bill. ;
_c24 cm.
500 _aH.B
504 _aIncludes bibliographies and index.
650 0 _aEnvironmental engineering.
_91550
650 0 _aEnvironmental protection.
_95272
650 0 _aHuman ecology.
_93629
700 1 _aHeinke, Gary W.,
_d1932-
_95273
906 _a7
_bcbc
_corignew
_d1
_eocip
_f19
_gy-gencatlg
942 _2ddc
_cBK
_kIESE